Famosos hispanohablantes de la década de 2000 - Estadísticas

Estadísticas generales
  • Esta prueba ha sido intentada 137 veces
  • La puntuación promedio es 11 de 20
Estadísticas de respuestas
Imagen Hint Respuesta % Correcto
Antonio Banderas
88%
Fernando Alonso
88%
Xavi Hernández
87%
Iker Casillas
86%
Penélope Cruz
85%
Rosario Flores
71%
Javier Bardem
66%
Hugo Chávez
65%
Juanes
60%
Diego Forlán
55%
Paulina Rubio
54%
Amaia Montero
52%
Marc Anthony
52%
Ricardo Darín
41%
Thalía
41%
Guillermo del Toro
30%
Gustavo Cerati
29%
Natalia Oreiro
9%
Beto Cuevas
6%
Roselyn Sánchez
5%
No se encontraron pruebas coincidentes
Distribución de puntuación
Porcentaje de gente con cada puntuación
Porcentaje por número respondido
Historial de tus puntuaciones
No has intentado esta prueba.